| 000 | 00667nam a22001937a 4500 | ||
|---|---|---|---|
| 003 | DO-CoUTE | ||
| 005 | 20260528175927.0 | ||
| 008 | 260528b dr ||||| |||| 00| 0 spa d | ||
| 040 |
_aDO-CoUTE _bspa _cDO-CoUTE |
||
| 082 | _aRD 923.27293D812i | ||
| 100 | 1 |
_a Jimenez Grullon, Juan isidro _eAutor |
|
| 245 | 1 | 0 |
_aLa ideologia Revolucionaria de Juan Pablo Duarte / _cJuan Isidro Jiménez Grullón |
| 260 |
_aSanto Domingo ; _bArchivo General de La Nación, _c2009 |
||
| 300 |
_a69 Pagina _c23cmx22cm |
||
| 504 | _aIncluye referencia bibliográfica e índice. | ||
| 650 | 4 | _aideologia | |
| 700 | 1 |
_aJuan isidro Jiménez Grullón _eAutor |
|
| 942 |
_2ddc _cBK |
||
| 999 |
_c24245 _d24245 |
||